000 00508nam a2200181Ia 4500
999 _c1830
_d1830
003 OSt
005 20200925142349.0
008 190216s9999||||xx |||||||||||||| ||und||
020 _a9788173198526
040 _coclc
082 _a572.36
_bSRI/B
100 _aSrivastava, M L
_95021
245 0 _aBioanalytical Techniques /
_cM L Srivastava
260 _bNarosa Pubs House,
_c2011.
_aNew Delhi:
300 _a458p
650 _aBotany
942 _cBK
_2ddc
_h572.36
_iSRI/B
_k572.36
_mSRI/B